World Least Airports per Capita Quiz Stats

Quiz not verified by Sporcle

Challenge
Share
Tweet
Embed
Score 0/20 Timer 05:00
0 Plays Today
Rank Country % Correct
4China
93.4%
2India
88.7%
3Nigeria
72.4%
12Pakistan
69.3%
1Bangladesh
66.5%
14Egypt
60.3%
6Vietnam
51.8%
9Ethiopia
51%
5Ghana
40.9%
16Turkey
40.9%
Rank Country % Correct
15Cambodia
36.2%
13Sri Lanka
33.1%
20Uganda
31.9%
11Rwanda
30.4%
17Cote d'Ivoire
30%
10Burundi
26.1%
8Benin
24.5%
18Togo
23.3%
7The Gambia
20.2%
19Albania
5.1%

You're not logged in!

Compare scores with friends on all Sporcle quizzes.
Join for Free
OR
Log In

You Might Also Like...

Show Comments

Extras

Top Quizzes Today


Score Distribution

Your Account Isn't Verified!

In order to create a playlist on Sporcle, you need to verify the email address you used during registration. Go to your Sporcle Settings to finish the process.

Report this User

Report this user for behavior that violates our Community Guidelines.

Details: